Quick Pick: Signature Blues Quiz Stats

 Plays Quiz Updated Nov 15, 2017

Challenge
Share
Tweet
Embed
Score 0/12 Timer 01:30
0 Plays Today
% Correct
One Fish Two Fish Red Fish Blue Fish
93.6%
The Blue Lagoon
85.2%
Blue Hawaii
83.9%
Blue Fairy
75.2%
Labatt Blue
74.4%
Kelley Blue Book
69.9%
'L'amour est bleu' ('Love Is Blue')
58.1%
Blue States
51%
Blue Jay Way
39.9%
Blue Öyster Cult
34.7%
Blue House
30.5%
Blue Money
25.1%

Today's Daily Dose

Missing Word
Bible Verses

Quick Pick
Brad Pitt Roles

On This Day
July 21st II

You're not logged in!

Compare scores with friends on all Sporcle quizzes.
Join for Free
OR
Log In

You Might Also Like...

Show Comments

Extras

Top Quizzes Today


Score Distribution

Your Account Isn't Verified!

In order to create a playlist on Sporcle, you need to verify the email address you used during registration. Go to your Sporcle Settings to finish the process.

Report this User

Report this user for behavior that violates our Community Guidelines.

Details: